[Event "GM1 Valoz Cup"]
[Site "Olomouc CZE"]
[Date "2010.08.05"]
[Round "2"]
[White "Baron,Ta"]
[Black "Akesson,R"]
[Result "1/2-1/2"]
[WhiteElo "2438"]
[BlackElo "2470"]

1.e4 c5 2.Nf3 Nc6 3.d4 cxd4 4.Nxd4 e6 5.Nc3 a6 6.Be2 d6 7.O-O Bd7 8.Be3 Nf6
9.a4 Be7 10.Nb3 Na5 11.Nd2 Bc6 12.b4 d5 13.bxa5 d4 14.e5 dxe3 15.exf6 Bxf6
16.Nde4 exf2+ 17.Kh1 Bxe4 18.Nxe4 Bxa1 19.Qxa1 O-O 20.Rxf2 Qxa5 21.Rf3 Rad8
22.Bd3 e5 23.Rf5 f6 24.Qa2+ Kh8 25.h3 Qc7 26.Rf1 Qe7 27.Nc3 Qc5 28.Qb3 Rd4
29.Rb1 f5 30.Ne2 Rd7 31.Rf1 e4 32.Bc4 Rc7 33.Be6 Qxc2 34.Qa3 Qc5 35.Qg3 Qe7
36.Rxf5 Rxf5 37.Bxf5 g6 38.Bxe4 Qxe4 39.Qxc7 Qxe2 40.Qc8+ Kg7  1/2-1/2

[Event "IM1 Winsoft Company Cup"]
[Site "Olomouc CZE"]
[Date "2010.08.05"]
[Round "2"]
[White "Dukaczewski,P"]
[Black "Luch,M"]
[Result "0-1"]
[WhiteElo "2319"]
[BlackElo "2387"]

1.e4 c5 2.Nf3 e6 3.d4 cxd4 4.Nxd4 Nc6 5.Nc3 Qc7 6.f4 a6 7.Be3 b5 8.Nxc6 Qxc6
9.Bd3 Bb7 10.Qd2 b4 11.Ne2 Nf6 12.Ng3 h5 13.h4 Ng4 14.Bg1 Rc8 15.O-O-O g6
16.Be2 Bh6 17.Kb1 Qc7 18.Bxg4 Bxf4 19.Bb6 Bxd2 20.Bxc7 Rxc7 21.Bxe6 fxe6
22.Rxd2 Rf8 23.Kc1 Rf4 24.Re2 a5 25.Kd2 Ba6 26.Re3 Rf2+ 27.Ne2 Rxe2+ 28.Rxe2 Bxe2
29.Kxe2 Rxc2+ 30.Kf3 Rxb2 31.Rd1 e5 32.g4 a4 33.gxh5 gxh5 34.Ke3 Rc2 35.Rb1 Rxa2
36.Rxb4 Ke7 37.Kd3 a3 38.Rb5 Ke6 39.Rb6+ d6 40.Ra6 Rh2 41.Ke3 Rxh4 42.Kf3 Rh3+
43.Ke2 h4 44.Kf2 Rb3 45.Kg2 Re3 46.Ra4 a2 47.Kf2 Rxe4 48.Rxa2 d5 49.Kf3 Rf4+
50.Ke3 h3 51.Ra6+ Kf5 52.Rh6 d4+ 53.Ke2 Re4+ 54.Kf2 Re3 55.Rh4 Ra3  0-1

[Event "49th WJun"]
[Site "Chotowa POL"]
[Date "2010.08.06"]
[Round "4"]
[White "Zhou,Y"]
[Black "Volodin,Alek"]
[Result "0-1"]
[WhiteElo "2348"]
[BlackElo "2422"]

1.e4 c5 2.Nf3 e6 3.Nc3 Nc6 4.d4 cxd4 5.Nxd4 Qc7 6.Be3 Nf6 7.f4 Bb4 8.Nb5 Qa5
9.e5 Nd5 10.Bd2 Nxc3 11.bxc3 Bc5 12.c4 Qd8 13.Bd3 O-O 14.Qh5 g6 15.Qh6 a6
16.Nd6 Bxd6 17.exd6 Qf6 18.O-O b5 19.Kh1 bxc4 20.Bxc4 Rb8 21.Rae1 Bb7 22.f5 Qg7
23.Qh3 gxf5 24.Bh6 Qf6 25.Bxf8 Rxf8 26.Rb1 Ba8 27.Bxa6 Qd4 28.Bb7 Qxd6 29.Qg3+ Qxg3
30.hxg3 Ne5 31.a4 Nc4 32.Rb4 Ne3 33.Rc1 Rb8 34.Rb3 Rxb7 35.Rxe3 Ra7 36.Ra3 Ra5
37.Kg1 Bc6 38.Rca1 Kg7 39.Kf2 Kf6 40.c3 Kg6 41.R3a2 h5 42.Ra3 Kg5 43.R1a2 e5
44.c4 Kg4 45.Ke1 f6 46.Kf1 h4 47.gxh4 Kxh4 48.Rh3+ Kg4 49.Rh8 f4 50.Rc8 Kf5
51.Rf8 Ke6 52.Rc8 e4 53.Ke2 Ke5 54.Re8+ Kd4 55.Rf8 f5 56.c5 Rxc5 57.a5 Bb5+
58.Kf2 Rc1 59.Rd2+ Kc3 60.Re2 Bxe2 61.Kxe2 Rc2+ 62.Kf1 Kd3 63.g3 Rc1+  0-1

[Event "Politiken Cup"]
[Site "Copenhagen DEN"]
[Date "2010.08.06"]
[Round "8"]
[White "Dyrgaard,K"]
[Black "Cmilyte,V"]
[Result "0-1"]
[WhiteElo "2254"]
[BlackElo "2527"]

1.e4 c5 2.Nf3 e6 3.d4 cxd4 4.Nxd4 Nc6 5.Nc3 Qc7 6.Be3 Nf6 7.Bd3 a6 8.O-O h5
9.h3 b5 10.a4 Nxd4 11.Bxd4 b4 12.Ne2 e5 13.Be3 Bb7 14.c3 d5 15.Rc1 Qd7 16.Qb3 bxc3
17.Nxc3 d4 18.Nb5 Bc6 19.Bg5 Be7 20.Bxf6 Bxf6 21.Qc4 axb5 22.Qxc6 Qxc6 23.Rxc6 bxa4
24.f4 Rb8 25.fxe5 Bxe5 26.Rc5 f6 27.Ra5 O-O 28.Bc4+ Kh7 29.Rxa4 Rxb2 30.Rf5 g6
31.Rf3 h4 32.Ra7+ Kh6 33.Bf1 Rc8 34.Ra1 Rc3 35.Bd3 Rd2  0-1

[Event "19th Open"]
[Site "Kavala GRE"]
[Date "2010.08.06"]
[Round "8"]
[White "Hess,Ro"]
[Black "Baghdasaryan,V"]
[Result "1-0"]
[WhiteElo "2588"]
[BlackElo "2229"]

1.e4 c5 2.Nf3 e6 3.d4 cxd4 4.Nxd4 Nc6 5.Nc3 Qc7 6.g3 a6 7.Bg2 d6 8.O-O Be7
9.Nxc6 bxc6 10.e5 dxe5 11.Re1 Bb7 12.Qh5 Nf6 13.Qxe5 Qxe5 14.Rxe5 O-O-O 15.Re1 Nd5
16.Na4 Nb4 17.Bf4 Bd6 18.Bxd6 Rxd6 19.Be4 Rhd8 20.a3 Nd5 21.Nc5 Nf6 22.Bd3 Nd7
23.Ne4 Rd5 24.Bc4 Ne5 25.Be2 f5 26.Ng5 Rd2 27.Nxe6 R8d6 28.Nxg7 Rxe2 29.Rxe2 Nf3+
30.Kg2 c5 31.Nxf5 Nh4+ 32.Kf1 Nxf5 33.Re5 Nd4 34.Rd1 Bf3 35.Rxc5+ Kd7 36.Rd2 Bg4
37.f4 Nf3 38.Rxd6+ Kxd6 39.Ra5 Nxh2+ 40.Kg2 Nf3 41.Rxa6+ Kc5 42.Rh6 Ne1+
43.Kf2  1-0

[Event "7th CHN-RUS"]
[Site "Ningbo CHN"]
[Date "2010.08.06"]
[Round "2"]
[White "Ni Hua"]
[Black "Potkin,V"]
[Result "1/2-1/2"]
[WhiteElo "2645"]
[BlackElo "2626"]

1.e4 c5 2.Nf3 e6 3.d4 cxd4 4.Nxd4 Nc6 5.Nc3 a6 6.Nxc6 bxc6 7.Bd3 d5 8.O-O Nf6
9.Re1 Be7 10.e5 Nd7 11.Qg4 g6 12.Na4 Rb8 13.b3 h5 14.Qe2 Nb6 15.Nb2 a5 16.c4 Kf8
17.Bd2 Nd7 18.Na4 h4 19.h3 Rh5 20.f4 Nc5 21.Nxc5 Bxc5+ 22.Kh2 Kg7 23.Rec1 Bb4
24.c5 Bxd2 25.Qxd2 Qc7 26.Rab1 Ra8 27.a3 Ba6 28.Bc2 Rhh8 29.Qd4 Rab8 30.Re1 Rh5
31.Re3 Qe7 32.Rbe1 Bb5 33.Kh1 Ba6 34.Bd1 Rh6 35.Bg4 Bb5 36.Rf3 Re8 37.Ree3 Ba6
38.Rf2 Kg8 39.Qc3 Qc7 40.Rd2 Rb8 41.Rd4 Bb5 42.Re1 Kg7 43.Rd2 Ba6 44.Rb1 Rhh8
45.Qd4 Qe7 46.Rdb2 Ra8 47.Bd1 Rhb8 48.Kh2 Ra7 49.Rc1 Raa8 50.Rc3 Bb5 51.Re3 Rh8
52.Rb1 Ba6 53.Bc2 Rh5 54.Rbe1 Bb5 55.Rf3 Rb8 56.Rf2 Kg8 57.Kg1 Ba6 58.Bd1 Rh7
59.Qc3 Qc7 60.Rd2 Bb5 61.Rd4 Kg7 62.Bc2 Rhh8 63.Kh1 Ra8 64.Rb1 Ba6 65.Rdd1 Bb5
66.Rb2 Ba6 67.Rdb1 Rhb8 68.Qd4 Qe7 69.Bd1 Ra7 70.Rc1  1/2-1/2

[Event "28th WJun Girls"]
[Site "Chotowa POL"]
[Date "2010.08.07"]
[Round "5"]
[White "Adamowicz,K"]
[Black "Dragojevic,Ma"]
[Result "1-0"]
[WhiteElo "2123"]
[BlackElo "1986"]

1.e4 c5 2.Nf3 e6 3.d4 cxd4 4.Nxd4 Nc6 5.Nc3 Nf6 6.Ndb5 d6 7.Bf4 e5 8.Bg5 a6
9.Na3 b5 10.Nd5 Be7 11.Bxf6 Bxf6 12.c3 O-O 13.Nc2 Bg5 14.a4 bxa4 15.Rxa4 a5
16.Bc4 Rb8 17.b3 Be6 18.O-O Kh8 19.Nce3 Bxe3 20.Nxe3 Bxc4 21.Nxc4 Qc7 22.Ra3 Rfd8
23.Qd5 g6 24.Rd1 Rd7 25.h3 Kg8 26.Rd3 Kf8 27.Nxa5 Nxa5 28.Rxa5 Rxb3 29.Ra8+ Rb8
30.Rxb8+ Qxb8 31.c4 Qb4 32.Kh2 Ke7 33.Rf3 Ke8 34.Qa8+ Ke7 35.Qh8 Qxc4 36.Qf6+ Ke8
37.Ra3 Qc7 38.Qh8+ Ke7 39.Qxh7 Rd8 40.Rg3 Qc1 41.Qh4+ Ke8 42.Rf3 Rd7 43.Qh8+ Ke7
44.Qg8 Qc4 45.h4 Qe6 46.g4 Rd8 47.Qg7 Rf8 48.Kg3 Qc4 49.Qf6+ Kd7 50.Re3 Qf1
51.Kh2 Qc4 52.Kg2 Rb8 53.Re1 Ra8 54.Kh2 Ra3 55.h5 gxh5 56.gxh5 Qe6 57.Qxe6+ Kxe6
58.Rg1 Rf3 59.Rg2 Rf6 60.Kh3 Rh6 61.Kh4 Kf6 62.Rg5 Ke6 63.Rf5 f6 64.Rf3 d5
65.exd5+ Kxd5 66.Rg3 Ke6 67.Rg6 Rh7 68.h6 Kf7 69.Kh5 e4 70.Rg1 f5 71.Ra1 Kf6
72.Ra6+ Ke5 73.Ra1 Kf6 74.Ra6+ Ke5 75.Kg6 Rc7 76.h7 Rc8 77.Ra5+ Kf4 78.Rxf5+ Kg4
79.Rf7  1-0

[Event "FSGM August"]
[Site "Budapest HUN"]
[Date "2010.08.08"]
[Round "2"]
[White "Konnyu,J"]
[Black "Mihok,O"]
[Result "1-0"]
[WhiteElo "2401"]
[BlackElo "2357"]

1.e4 c5 2.Nf3 Nc6 3.d4 cxd4 4.Nxd4 e6 5.Nc3 Qc7 6.Be3 a6 7.Qd2 Nf6 8.f3 Ne5
9.O-O-O b5 10.Kb1 Bb7 11.Bf4 b4 12.Na4 Be7 13.Nb3 O-O 14.Qd4 d6 15.Qxb4 Rfc8
16.Qc3 Bc6 17.Nac5 a5 18.Nd3 Nxd3 19.Bxd3 e5 20.Bg3 a4 21.Nc1 Qb7 22.Qd2 Bd8
23.Qe2 Rcb8 24.c4 Nh5 25.Rd2 Bb6 26.Rc2 Bd4 27.Qd2 Nxg3 28.hxg3 Qb6 29.Ne2 Be3
30.Qc3 Ra7 31.Ka1 Rab7 32.Rb1 Qc5 33.b3 Qa3 34.Rcb2 Bc5 35.Bc2 Ra8 36.bxa4 Qxc3
37.Nxc3 Bd4 38.Rxb7 Bxb7 39.Rxb7 Bxc3+ 40.Kb1 Bd4 41.c5 Bxc5 42.Bb3 d5 43.Bxd5 Ra7
44.Bxf7+ Kf8 45.Rb5 Bf2 46.Bc4 Bxg3 47.a5 Ke7 48.a6 Kd6 49.a4 Rc7 50.Bb3 Ra7
51.Rd5+ Ke7 52.Bc4 Kf6 53.Bb5 Bf2 54.Kc2 h5 55.Kb3 Ke6 56.Bc4 Kf6 57.f4 exf4
58.Rf5+ Ke7 59.Rxf4 Bd4 60.Rf5 h4 61.e5 Ke8 62.e6 Bf6 63.Kb4 Ke7 64.Kb5 Kd6
65.Rd5+ Kxe6 66.Kb6 Rd7 67.Rxd7+ Kxd7 68.a7  1-0

[Event "Politiken Cup"]
[Site "Copenhagen DEN"]
[Date "2010.08.08"]
[Round "10"]
[White "Rydstrom,Tom"]
[Black "Petersen,PB"]
[Result "0-1"]
[WhiteElo "1803"]
[BlackElo "2178"]

1.e4 c5 2.Nf3 e6 3.Nc3 Nc6 4.d4 cxd4 5.Nxd4 Qc7 6.Be2 a6 7.O-O Nf6 8.Be3 Bb4
9.Na4 O-O 10.Nxc6 bxc6 11.Nb6 Rb8 12.Nxc8 Rfxc8 13.Bxa6 Rf8 14.Bd3 Bd6 15.f4 e5
16.f5 Rxb2 17.g4 Qa5 18.Kh1 Bc5 19.Bc1 Rxa2 20.Rxa2 Qxa2 21.g5 Ne8 22.h4 d5
23.h5 Nd6 24.f6 g6 25.Qg4 dxe4 26.hxg6 hxg6 27.Bxe4 Nxe4 28.Qxe4 Qd5 29.Re1 Bd4
30.Bd2 Re8 31.Kg2 Bb2 32.Bf4 Bc3 33.Re2 exf4 34.Qxd5 Rxe2+  0-1

[Event "56th Aniv ITT"]
[Site "Villa Martelli ARG"]
[Date "2010.08.08"]
[Round "4"]
[White "Zuriel,M"]
[Black "Liascovich,L"]
[Result "0-1"]
[WhiteElo "2205"]
[BlackElo "2427"]

1.e4 c5 2.Nf3 e6 3.d4 cxd4 4.Nxd4 Nc6 5.Nc3 Qc7 6.g3 a6 7.Bg2 d6 8.O-O Be7
9.a4 Bf6 10.Be3 Nge7 11.Nde2 O-O 12.Kh1 Rd8 13.f4 b6 14.g4 Bb7 15.g5 Bxc3
16.bxc3 Na5 17.Qe1 d5 18.f5 Nc4 19.Bd4 e5 20.Qg3 dxe4 21.f6 Nd5 22.Bg1 e3
23.h4 Nd2 24.Rf5 Nxc3 25.Nxc3 Bxg2+ 26.Qxg2 Qxc3 27.Re1 Nc4 28.Re2 Rac8 29.h5 Qd4
30.Rf3 e4 31.Rf4 Qd6 32.Rxe4 Re8 33.Rxe8+ Rxe8 34.Qg4 Qd5+ 35.Kh2 Ne5 36.Qg2 Nf3+
37.Kh1 Re4  0-1

[Event "14th HZ Open"]
[Site "Vlissingen NED"]
[Date "2010.08.08"]
[Round "2"]
[White "Van de Poel,T"]
[Black "Hoolt,S"]
[Result "0-1"]
[WhiteElo "2005"]
[BlackElo "2245"]

1.e4 c5 2.Nc3 Nc6 3.Nge2 e6 4.d4 cxd4 5.Nxd4 Qc7 6.Be3 a6 7.Be2 Nf6 8.O-O Be7
9.f4 d6 10.Qe1 O-O 11.Qg3 Nxd4 12.Bxd4 b5 13.e5 dxe5 14.Bxe5 Qb6+ 15.Kh1 Bb7
16.Bd3 Nh5 17.Qg4 g6 18.Rad1 Rad8 19.Ne2 Nf6 20.Qh3 Nd7 21.Bd4 Bc5 22.c3 Bxd4
23.Nxd4 Nc5 24.Bb1 b4 25.Rde1 bxc3 26.bxc3 Rd5 27.Re5 Rxe5 28.fxe5 Nd7 29.Qg3 Bd5
30.h4 Qc7 31.Re1 f5 32.h5 Kg7 33.hxg6 hxg6 34.Kg1 Qc5 35.Re3 Kf7 36.Qh4 Rg8
37.Qh7+ Rg7 38.Qh4 Qe7 39.Qxe7+ Kxe7 40.Bd3 Nc5 41.c4 Bb7 42.Nb3 Nd7 43.Bc2 Rh7
44.Kf2 Rh2 45.Rg3 Nxe5 46.Nc5 Bc8 47.Bb3 Rh4 48.Kg1 Rd4 49.Na4 Rd2 50.Rh3 Bb7
51.Rh7+ Nf7 52.Rh2 g5 53.Nc5 Bc8 54.Rh3 f4 55.Rh5 Rd4 56.Kf1 Kd6 57.Na4 Bd7
58.Nb6 Bc6 59.Nc8+ Kc5 60.Ne7 Be4 61.Ng8 Bd3+ 62.Kf2 Bxc4 63.Bxc4 Kxc4 64.Rh7 Ne5
65.Rc7+ Kd3 66.Nf6 g4 67.Re7 g3+ 68.Ke1 Rb4  0-1

[Event "Negroponte Open"]
[Site "Chalkis GRE"]
[Date "2010.08.09"]
[Round "1"]
[White "Tzolas,G"]
[Black "Ganguly,S"]
[Result "0-1"]
[WhiteElo "2095"]
[BlackElo "2655"]

1.e4 c5 2.Nf3 e6 3.d4 cxd4 4.Nxd4 Nc6 5.Nc3 Qc7 6.Be2 a6 7.O-O Nf6 8.Kh1 Be7
9.f4 d6 10.g4 h6 11.Be3 Nxd4 12.Bxd4 e5 13.fxe5 dxe5 14.Be3 Be6 15.Nd5 Bxd5
16.exd5 Bc5 17.Bxc5 Qxc5 18.Rf5 O-O 19.c4 Ne4 20.Qg1 Qc7 21.c5 g6 22.Rf3 Rad8
23.Qe3 Ng5 24.Rf6 Rxd5 25.c6 Kg7 26.Raf1 bxc6 27.h4 Ne6 28.Bc4 Nf4 29.Bxd5 Kxf6
30.Qc3 g5 31.hxg5+ hxg5 32.Qxc6+ Qxc6 33.Bxc6 Rd8 34.Rf2 Rh8+ 35.Kg1 Rh4  0-1

[Event "Negroponte Open"]
[Site "Chalkis GRE"]
[Date "2010.08.09"]
[Round "1"]
[White "Papakonstantinou,D1"]
[Black "Romanishin,O"]
[Result "0-1"]
[WhiteElo "1927"]
[BlackElo "2544"]

1.e4 c5 2.Nf3 e6 3.d4 cxd4 4.Nxd4 Nc6 5.Nc3 a6 6.Be3 Nf6 7.Nxc6 bxc6 8.e5 Nd5
9.Nxd5 cxd5 10.Bd3 Qc7 11.Bd4 Bc5 12.c3 Bxd4 13.cxd4 Qb6 14.Bc2 Qb4+ 15.Qd2 Rb8
16.b3 d6 17.exd6 Kd7 18.a3 Qxd2+ 19.Kxd2 Kxd6 20.b4 f6 21.f4 h6 22.Bd3 g5
23.g3 Rb6 24.Rac1 Bd7 25.Rc5 gxf4 26.gxf4 Rg8 27.Ra5 Bb5 28.Bxb5 axb5 29.Ke3 Rg2
30.f5 e5 31.Kf3 Rg5 32.dxe5+ fxe5 33.h4 Rxf5+ 34.Kg4 Ke6 35.Ra7 h5+ 36.Kg3 Rc6
37.Rd1 e4 38.Rb7 Rf3+ 39.Kg2 Rc2+ 40.Kg1 Rg3+ 41.Kh1 Rh3+ 42.Kg1 Rch2 43.Re1 Rxh4
44.Rxb5 Rh1+ 45.Kf2 R4h2+ 46.Kg3 h4+  0-1

[Event "49th WJun"]
[Site "Chotowa POL"]
[Date "2010.08.09"]
[Round "6"]
[White "Arun,Ka"]
[Black "Kaleta,B"]
[Result "1/2-1/2"]
[WhiteElo "2289"]
[BlackElo "1944"]

1.e4 c5 2.Nf3 e6 3.d4 cxd4 4.Nxd4 Nc6 5.Nc3 Qc7 6.f4 Nxd4 7.Qxd4 a6 8.Be3 b5
9.O-O-O Bb7 10.Be2 Rc8 11.Rd2 Nf6 12.Bf3 Be7 13.g4 d5 14.exd5 b4 15.Na4 Bxd5
16.Bxd5 Nxd5 17.Nb6 Nxb6 18.Qxb6 Qxb6 19.Bxb6 Rc6 20.Be3 O-O 21.Rd7 Bc5 22.Bxc5 Rxc5
23.Rhd1 h5 24.h3 Kh7 25.Ra7 a5 26.Rdd7 hxg4 27.hxg4 Kg8 28.Rac7 Rc8 29.Rxc8+ Rxc8
30.Rd4 Rc5 31.Kd2 g5 32.fxg5 Kg7 33.Kd3 Kg6 34.Rf4 Rc7 35.c3 bxc3 36.bxc3 Kxg5
37.Re4  1/2-1/2

[Event "Twente Young Masters"]
[Site "Enschede NED"]
[Date "2010.08.09"]
[Round "1"]
[White "Maenhout,T"]
[Black "Ootes,La"]
[Result "1/2-1/2"]
[WhiteElo "2363"]
[BlackElo "2315"]

1.e4 c5 2.Nf3 e6 3.d4 cxd4 4.Nxd4 Nc6 5.Nc3 Qc7 6.Be3 a6 7.Qd2 Nf6 8.O-O-O Be7
9.f3 h5 10.Qf2 d6 11.h3 b5 12.Kb1 Rb8 13.Nxc6 Qxc6 14.Bd3 h4 15.Bg5 b4 16.Ne2 Qc7
17.f4 Bb7 18.Nd4 Nxe4 19.Bxe4 Bxe4 20.Bxe7 Kxe7 21.f5 e5 22.f6+ gxf6 23.Rhf1 exd4
24.Rde1 d5 25.Qxf6+ Kd7 26.Rxe4 dxe4 27.Qxd4+ Ke7 28.Qf6+ Kd7 29.Rd1+ Kc8
30.Qxh8+ Kb7 31.Qxh4 Re8 32.Qg4 Re6 33.Rd4 Qc5 34.Qd1 e3 35.Qf3+ Kb6 36.Qxf7 Rc6
37.c3 bxc3 38.Qb3+ Kc7 39.Qf7+ Kb6 40.Qb3+ Kc7 41.Qf7+  1/2-1/2

[Event "8th Gyorgy Marx GM"]
[Site "Paks HUN"]
[Date "2010.08.09"]
[Round "4"]
[White "Robson,R"]
[Black "Laznicka,V"]
[Result "1/2-1/2"]
[WhiteElo "2562"]
[BlackElo "2638"]

1.e4 c5 2.Nf3 e6 3.d4 cxd4 4.Nxd4 Nc6 5.Nc3 a6 6.Be3 Nf6 7.Qd2 Bb4 8.f3 d5
9.a3 Qa5 10.Nb3 Bxc3 11.bxc3 Qc7 12.c4 dxc4 13.Bxc4 Ne5 14.Be2 O-O 15.Bc5 Rd8
16.Qe3 Nfd7 17.O-O-O Nxc5 18.Qxc5 Nc6 19.Rxd8+ Qxd8 20.Rd1 Bd7 21.Qd6 Be8
22.Qxd8 Rxd8 23.Rxd8 Nxd8 24.Kd2 Kf8 25.Ke3 e5 26.Bc4 Ke7 27.Bd5 Kd6 28.Na5 Kc7
29.Nb3 b6 30.Nc1 Kd6 31.Nb3 Bd7 32.Nc1 Ne6 33.Bxe6 Bxe6 34.Nd3 b5 35.c3 f5
36.exf5 Bxf5 37.Nb2 Kd5 38.Kd2 g5 39.Ke3 h6 40.Kf2 e4 41.g3 Ke5 42.Ke3 exf3
43.Kxf3 Bc2 44.Ke3 Kf5 45.c4 Kg4 46.Kf2 Kh3 47.Kg1 h5 48.cxb5 axb5 49.Kh1 h4
50.gxh4 gxh4 51.Kg1 Kg4 52.Kf2 Kf4 53.Ke2 Ke4 54.Kd2 Bb3 55.Nd3 Kf3 56.Ne5+ Kf4
57.Nd3+ Kf3 58.Ne5+ Kg2 59.Ng6 Kh3 60.Kc3 Bd1 61.Kd2 Bb3 62.Kc3 Bd1 63.Kd2 Ba4
64.Kc3 Kg4 65.Ne5+ Kh3 66.Ng6 Kg4 67.Ne5+ Kf5 68.Nf3 Kg4  1/2-1/2

[Event "36th Open"]
[Site "Badalona ESP"]
[Date "2010.08.10"]
[Round "9"]
[White "Abreu Delgado,A"]
[Black "Van Kooten,L"]
[Result "1/2-1/2"]
[WhiteElo "2474"]
[BlackElo "2304"]

1.e4 c5 2.Nf3 e6 3.d4 cxd4 4.Nxd4 Nc6 5.Nc3 Qc7 6.Be3 a6 7.Qd2 Nf6 8.O-O-O Bb4
9.f3 O-O 10.Kb1 b5 11.Nxc6 Qxc6 12.Bd4 Ne8 13.Bd3 Bb7 14.e5 f5 15.exf6 Nxf6
16.Qg5 Be7 17.Qh4 Rf7 18.Qh3 g6 19.Rhe1 Nh5 20.Ne2 Qc7 21.f4 Bf6 22.g3 Bd5
23.Bxf6 Nxf6 24.Nc3 Bf3 25.Rc1 Qc6 26.Qf1 Rb8 27.Ne2 Bd5 28.Qg1 Bc4 29.Qd4 Qd5
30.Qxd5 Nxd5 31.Be4 Rff8 32.Nd4 Nf6 33.Bf3 Rfc8 34.Rcd1 Bd5 35.h4 Bxf3 36.Nxf3 Rb6
37.Ne5 d6 38.Nf3 d5 39.Ng5 Rcc6 40.Re3 h6 41.Nf3 Rc7 42.Nd4 Kf7 43.Rg1 Ng4
44.Re2 g5 45.Rge1 Re7 46.Kc1 b4 47.b3 Re8 48.Kb2 Nf6 49.Re5 Ng4 50.R5e2 Nf6
51.Re5 Ng4 52.R5e2 Nf6  1/2-1/2

[Event "49th WJun"]
[Site "Chotowa POL"]
[Date "2010.08.10"]
[Round "7"]
[White "Kriebel,T"]
[Black "Ashwin,J"]
[Result "1/2-1/2"]
[WhiteElo "2320"]
[BlackElo "2454"]

1.e4 c5 2.Nf3 e6 3.d4 cxd4 4.Nxd4 Nc6 5.Nc3 Qc7 6.Be2 a6 7.O-O Nf6 8.Kh1 Be7
9.f4 d6 10.Nxc6 bxc6 11.b3 O-O 12.Bb2 c5 13.Bd3 Bb7 14.Qe1 Nd7 15.Qg3 Bf6
16.Rae1 Bd4 17.Na4 Bxb2 18.Nxb2 d5 19.e5 Rae8 20.c4 d4 21.Qh3 g6 22.Be4 Bxe4
23.Rxe4 Qc6 24.Rfe1 a5 25.Nd3 Kg7 26.Nf2 a4 27.R4e2 axb3 28.axb3 Ra8 29.Qh4 Ra7
30.Ng4 h5 31.Nf6 Rfa8 32.Qg5 Nxf6 33.Qxf6+ Kf8 34.Qh8+ Ke7 35.Qf6+ Kf8 36.Qh8+ Ke7
37.Qf6+ Kf8 38.Qh8+ Ke7 39.Qg7 Ke8 40.Qh8+ Kd7 41.Qg7 Ke8 42.Qh8+  1/2-1/2

[Event "Twente Young Masters"]
[Site "Enschede NED"]
[Date "2010.08.10"]
[Round "2"]
[White "Zherebukh,Y"]
[Black "Ootes,La"]
[Result "1/2-1/2"]
[WhiteElo "2572"]
[BlackElo "2315"]

1.e4 c5 2.Nf3 e6 3.d4 cxd4 4.Nxd4 Nc6 5.Nc3 a6 6.Be2 Qc7 7.O-O Nf6 8.Be3 Bb4
9.Na4 Be7 10.Nxc6 bxc6 11.Nb6 Rb8 12.Nxc8 Qxc8 13.Bd4 Qc7 14.e5 Nd5 15.b3 a5
16.Qd2 O-O 17.c4 Bb4 18.Qc1 Ne7 19.Bd3 c5 20.Bb2 a4 21.f4 Qa5 22.Rb1 Bd2
23.Qc2 g6 24.bxa4 Nc6 25.Be4 Be3+ 26.Kh1 Bd4 27.Bxc6 dxc6 28.Bxd4 cxd4 29.Qe4 Qc5
30.Qd3 Rfd8 31.h4 h5 32.Rb3 Rb4 33.Rxb4 Qxb4 34.Rb1 Qe7 35.g3 Qa7 36.g4 Qe7
37.Qg3 hxg4 38.Qxg4 Kg7 39.Kg2 Qa3 40.Qg5 Qxa2+ 41.Kg3 Qxb1 42.Qxd8 Qd3+
43.Kg4 Qe2+ 44.Kg3 Qe1+ 45.Kg2 Qe2+ 46.Kg3 Qe3+ 47.Kg2 d3 48.Qf6+ Kg8 49.Qd8+ Kh7
50.Qf6 d2 51.Qxf7+ Kh6 52.Qf6 Qe2+  1/2-1/2

[Event "IM2 Ceska pojistovna Cup"]
[Site "Olomouc CZE"]
[Date "2010.08.10"]
[Round "7"]
[White "Drozdowski,K"]
[Black "Butkiewicz,L"]
[Result "1-0"]
[WhiteElo "2223"]
[BlackElo "2375"]

1.e4 c5 2.Nf3 e6 3.d4 cxd4 4.Nxd4 Nc6 5.Nc3 a6 6.Be3 Nf6 7.Qd2 Bb4 8.f3 d5
9.a3 Be7 10.O-O-O O-O 11.Qf2 e5 12.Nxc6 bxc6 13.Bc5 d4 14.Na4 Rb8 15.Bc4 Bxc5
16.Nxc5 Qb6 17.Nd3 c5 18.b3 Re8 19.Qe1 Re7 20.Kd2 Ne8 21.Ke2 Nd6 22.Kf2 Qc7
23.Rb1 Kh8 24.Rf1 f5 25.Kg1 Bb7 26.Qh4 fxe4 27.fxe4 Nxe4 28.Rbe1 g5 29.Qh6 Rg7
30.Rf5 Nd6 31.Rfxe5 Bc6 32.Rxg5 Nxc4 33.bxc4 Rbg8 34.Qf6 Ba8 35.Nxc5 d3 36.cxd3 Qa7
37.d4  1-0

[Event "14th HZ Open"]
[Site "Vlissingen NED"]
[Date "2010.08.10"]
[Round "5"]
[White "Grochal,J"]
[Black "Hemmes,M"]
[Result "1-0"]
[WhiteElo "2124"]
[BlackElo "1726"]

1.e4 c5 2.Nf3 e6 3.d4 cxd4 4.Nxd4 Nc6 5.Nc3 Qc7 6.Be2 a6 7.Be3 Nf6 8.O-O Bb4
9.Na4 Be7 10.Nxc6 bxc6 11.Nb6 Rb8 12.Nxc8 Qxc8 13.e5 Nd5 14.Bc1 Bc5 15.Bd3 O-O
16.Qh5 g6 17.Qg4 Qc7 18.c4 Ne7 19.Qf4 d6 20.Qf6 Bd4 21.Re1 Qa5 22.Bh6 Bxe5
23.Qxe7 Rfe8 24.Qd7 Rec8 25.b4 Qxb4 26.Rab1 Qc3 27.Bf1 Bg7 28.Rb7 Qf6 29.Rxb8 Rxb8
30.Bxg7 Kxg7 31.Qxd6 Rb2 32.Qe5 Rxa2 33.f4 a5 34.Qxf6+ Kxf6 35.Re5 Ke7 36.h3 a4
37.Ra5 a3 38.c5 Rc2 39.Rxa3 Rxc5 40.Kf2 h5 41.h4 Rf5 42.g3 e5 43.Bh3 Rf6
44.Re3 Rd6 45.Rxe5+ Kf6 46.Ke3 Kg7 47.Bc8  1-0

[Event "49th WJun"]
[Site "Chotowa POL"]
[Date "2010.08.11"]
[Round "8"]
[White "Recuero Guerra,D"]
[Black "Andersen,Mad"]
[Result "1/2-1/2"]
[WhiteElo "2470"]
[BlackElo "2382"]

1.e4 c5 2.Nf3 e6 3.Nc3 Nc6 4.d4 cxd4 5.Nxd4 Qc7 6.Be3 a6 7.Be2 Nf6 8.O-O Bb4
9.Nxc6 bxc6 10.Qd4 c5 11.Qc4 Bb7 12.a3 Bxc3 13.Qxc3 Rc8 14.f3 O-O 15.Bg5 Qd8
16.Qb3 Qc7 17.Rad1 c4 18.Qc3 Qc5+ 19.Be3 Qc7 20.Bd4 Ne8 21.Kh1 f5 22.exf5 Rxf5
23.Qd2 e5 24.Bg1 Rf7 25.b3 c3 26.Qg5 d5 27.f4 exf4 28.Bg4 h6 29.Qh4 f3 30.Bxf3 Rd8
31.Bd4 Nf6 32.Bh5 Nxh5 33.Rxf7 Kxf7 34.Qxh5+ Kg8 35.Rf1 Qe7 36.Qg4 Rf8 37.Rxf8+ Qxf8
38.h3 Bc8 39.Qg3 Bf5 40.Qxc3 Be4 41.Qg3 Bf5 42.Qc3 Be4 43.Qg3 Bxc2 44.b4 Qf7
45.Kh2 Kh7 46.Qe5 Qg6 47.g4 Bb3 48.Kg3 Qd3+  1/2-1/2

[Event "49th WJun"]
[Site "Chotowa POL"]
[Date "2010.08.11"]
[Round "8"]
[White "Hovhannisyan,R"]
[Black "Volodin,Alek"]
[Result "1/2-1/2"]
[WhiteElo "2529"]
[BlackElo "2422"]

1.e4 c5 2.Nf3 e6 3.d4 cxd4 4.Nxd4 Nc6 5.Nc3 Qc7 6.f4 a6 7.Nb3 b5 8.Bd3 Bb7
9.O-O d6 10.Be3 Nf6 11.a4 b4 12.Nb1 Na5 13.N1d2 d5 14.e5 Ne4 15.Nxa5 Qxa5
16.Bxe4 dxe4 17.Nc4 Qc7 18.Nd6+ Bxd6 19.exd6 Qd7 20.Qd4 O-O 21.Qxb4 Rfc8
22.Rf2 a5 23.Qd4 Rc6 24.Rd1 Rac8 25.Qd2 Ra6 26.b3 Rcc6 27.Qe1 Rxd6 28.Rxd6 Rxd6
29.Qxa5 Rd1+ 30.Rf1 Rxf1+ 31.Kxf1 Qd1+ 32.Kf2 Qxc2+ 33.Qd2 Qd3 34.b4 Kf8
35.b5 Bd5 36.Qb4+ Ke8 37.b6 Qc2+ 38.Kg3 Bb7 39.a5 Qc6 40.Qb2 f6 41.Qe2 Qc3
42.Qb5+ Bc6 43.Qh5+ g6 44.Qe2 e5 45.Qf2 Qxa5 46.h3 Kf7 47.Kh2 Qd5 48.f5 Qb3
49.Qh4 h5 50.fxg6+ Kxg6 51.Qg3+ Kf7 52.Qf2 Ke6 53.g4 hxg4 54.hxg4 Qd1 55.Qf5+ Kd5
56.Qxf6 Qxg4 57.Qf7+ Qe6 58.Qf8 Qd7 59.Qg8+ Qe6 60.Qf8 Qd7 61.Qg8+ Qe6 62.Qh7 Qg4
63.Qf7+ Qe6 64.Qa7 Qg4 65.Qa2+ Kd6 66.Qa3+ Kd7 67.Qa7+ Ke6 68.Qa2+ Bd5 69.Qa6 Qh5+
70.Kg1 Qd1+ 71.Kh2 Qh5+ 72.Kg1  1/2-1/2

[Event "49th WJun"]
[Site "Chotowa POL"]
[Date "2010.08.11"]
[Round "8"]
[White "Gator,Mosab"]
[Black "Jasiak,F"]
[Result "1-0"]
[WhiteElo "2121"]
[BlackElo "1757"]

1.e4 c5 2.Nf3 e6 3.d4 cxd4 4.Nxd4 Nc6 5.Nc3 a6 6.Be2 Nge7 7.Nb3 b5 8.a3 d6
9.Bg5 Bb7 10.O-O h6 11.Bh4 Qd7 12.Bg3 Nc8 13.f4 Be7 14.f5 O-O 15.Nc5 Qd8
16.Nxb7 Qb6+ 17.Kh1 Qxb7 18.fxe6 fxe6 19.Bg4 Nd8 20.Bf3 e5 21.Nd5 Nb6 22.Nxe7+ Qxe7
23.Qd3 Nb7 24.Rad1 Rac8 25.Bg4 Nc5 26.Qe2 Rcd8 27.Bf5 Ne6 28.Qh5 Nd4 29.Rxd4 exd4
30.Qg6 Rxf5 31.exf5 Nd5 32.Re1 Qf7 33.Bf2 Qxg6 34.fxg6 Nf4 35.Bxd4 Nxg6 36.Kg1 Kf7
37.Re3 Ne5 38.Bxe5 dxe5 39.Rxe5 Rd1+ 40.Kf2 Rb1 41.b4 Rb2 42.Rc5 Ra2 43.Rc3 h5
44.Kg3 g6 45.Kf4 Ra1 46.Rc7+ Kf8 47.Rc3 Kg7 48.Kg5 Rg1 49.Rc7+ Kg8 50.g3 Rg2
51.Kxg6 Kf8 52.Kxh5 Rxh2+ 53.Kg5 Rh3  1-0

[Event "Open"]
[Site "Minsk BLR"]
[Date "2010.08.11"]
[Round "8"]
[White "Kovalev,Vl"]
[Black "Meribanov,V"]
[Result "1/2-1/2"]
[WhiteElo "2329"]
[BlackElo "2171"]

1.e4 c5 2.Nf3 Nc6 3.Nc3 e6 4.d4 cxd4 5.Nxd4 Nf6 6.Ndb5 d6 7.Bf4 e5 8.Bg5 a6
9.Na3 b5 10.Nd5 Be7 11.Bxf6 Bxf6 12.c3 Bg5 13.Nc2 Ne7 14.a4 bxa4 15.Ncb4 O-O
16.Qxa4 Nxd5 17.Nxd5 Bd7 18.Qa5 Qxa5 19.Rxa5 Rfb8 20.Nb4 Bd8 21.Rxa6 Rxa6
22.Bxa6 Ba5 23.Kd2 Bxb4 24.cxb4 Rxb4 25.Kc3 Ra4 26.Bc4 Kf8 27.b4 Ra3+ 28.Kb2 Ra7
29.Rb1 Ke7 30.b5 d5 31.exd5 Kd6 32.b6 Rb7 33.Kc3 Kc5 34.Re1 Kd6 35.Rb1 Kc5
36.Re1 Kd6  1/2-1/2

[Event "Negroponte Open"]
[Site "Chalkis GRE"]
[Date "2010.08.12"]
[Round "4"]
[White "Vorobiov,E"]
[Black "Bosiocic,Mari"]
[Result "1/2-1/2"]
[WhiteElo "2592"]
[BlackElo "2543"]

1.e4 c5 2.Nf3 e6 3.d4 cxd4 4.Nxd4 Nc6 5.Nc3 Qc7 6.Be3 a6 7.Bd3 Nf6 8.Qe2 d6
9.f4 Be7 10.O-O O-O 11.a3 Nxd4 12.Bxd4 e5 13.Be3 exf4 14.Bxf4 Be6 15.Rae1 Nd7
16.Nd5  1/2-1/2

[Event "8th Gyorgy Marx GM"]
[Site "Paks HUN"]
[Date "2010.08.12"]
[Round "6"]
[White "Timman,J"]
[Black "Laznicka,V"]
[Result "1/2-1/2"]
[WhiteElo "2586"]
[BlackElo "2638"]

1.e4 c5 2.Nf3 e6 3.d4 cxd4 4.Nxd4 Nc6 5.Nc3 a6 6.Be3 Nf6 7.Qd2 Bb4 8.f3 d5
9.a3 Qa5 10.Nb3 Bxc3 11.bxc3 Qc7 12.c4 dxe4 13.Bc5 Ne7 14.O-O-O O-O 15.Bd6 Qd8
16.Qe1 exf3 17.gxf3 Re8 18.Be5 Nd7 19.Bd3 Ng6 20.Bxg6 fxg6 21.f4 Qe7 22.Rd6 b6
23.Qe3 Ra7 24.Nd4 Nxe5 25.fxe5 Rc7 26.Rd1 Rxc4 27.Rxb6 Rd8 28.Rd3 Qc7 29.Rd6 Rf8
30.Kb2 h6 31.Rb3 g5 32.Rb4 Rc5 33.Rbb6 Bd7 34.Qd3 Ba4 35.Rb4 Bb5 36.Rxb5 Rxb5+
37.Nxb5 axb5 38.Rxe6 Qc5 39.Qd6 Qc4 40.Rxh6 gxh6 41.Qg6+  1/2-1/2